01256cam a22002771 4500001001300000003000400013005001700017008004100034010001700075040003800092043001200130050003300142070002300175100002700198245032200225260007800547300006000625410007600685500001700761504003100778650003400809650003500843650004100878700004200919999001700961agr61000014 DLC20260227111020.0770317s1960 dcuab b f000 0 eng c aagr61000014  aU.S. Dept. of Agr. Libr.cAkdDLC an-us-ak10aS591b.A22 ser. 1956, no. 170 a1So32E 1956 no. 171 aRieger, Samuel,d1921-00aSoil survey and vegetation, northeastern Kodiak Island area, Alaska.c[Report by Samuel Rieger and R. Eugene Wunderlich. Soil surveyed by Samuel Rieger, Ernest G. Link, and Albert D. Backer. Correlation of soils by A. H. Paschall. Vegetation surveyed by R. Eugene Wunderlich, Carl M. Rice, and William L. Larramendy. aWashington]bU.S. Dept. of Agriculture, Soil Conservation Service,c1960. ai, 46 p.billus., maps (2 fold. col. in pocket)c29 cm.10a[United States.bSoil Conservation Service]tSoil Survey,v1956, no. 17 aCover title. a"Literature cited": p. 46. 0aSoilszAlaskazKodiak Island. 0aPlantszAlaskazKodiak Island. 0aSoil surveyszAlaskazKodiak Island.1 aWunderlich, R. Eugene,ejoint author. c11749d11749